Top 10 Countries by Category #4 - Statistics

General Stats
  • This quiz has been taken 124 times
  • The average score is 35 of 60
Answer Stats
Category Value Answer % Correct
Fruit Production 7 22.9M United States
98%
Highest GDP Per Capita 9 76100.72 United States
98%
Fruit Production 2 107.9M India
95%
Most Pollution 8 53.3 India
95%
Fruit Production 1 253.9M China
91%
Highest GDP Per Capita 4 106622.83 Norway
87%
Freedom 10 8.58 Norway
87%
Freedom 5 8.75 Sweden
86%
Fruit Production 3 39.8M Brazil
85%
Highest Population Density 1 18,079 Monaco
82%
Highest GDP Per Capita 1 240535.04 Monaco
82%
Highest Population Density 2 8,430 Singapore
81%
Highest GDP Per Capita 8 78114.62 Singapore
81%
Freedom 3 8.83 Denmark
79%
Freedom 9 8.7 Finland
78%
Fruit Production 5 23.7M Mexico
73%
Highest GDP Per Capita 6 93636.42 Switzerland
72%
Freedom 1 9.01 Switzerland
72%
Highest GDP Per Capita 3 125897.20 Luxembourg
71%
Freedom 8 8.71 Luxembourg
71%
Fruit Production 8 19M Spain
71%
Highest Population Density 7 1,342 Bangladesh
69%
Most Pollution 5 65.8 Bangladesh
69%
Lowest GDP Per Capita 9 588.17 Niger
69%
Fruit Production 6 23.6M Indonesia
68%
Highest GDP Per Capita 7 87974.17 Qatar
68%
Highest GDP Per Capita 2 197267.66 Liechtenstein
67%
Highest GDP Per Capita 10 75260.41 Iceland
66%
Freedom 7 8.73 Iceland
66%
Fruit Production 9 17.2M Italy
66%
Most Pollution 3 70.9 Pakistan
65%
Highest Population Density 4 1,736 Vatican City
55%
Highest Population Density 3 1,909 Bahrain
53%
Most Pollution 4 66.6 Bahrain
53%
Highest GDP Per Capita 5 105993.27 Ireland
53%
Freedom 4 8.79 Ireland
53%
Most Pollution 1 89.7 Chad
52%
Highest Population Density 8 662 Taiwan
49%
Lowest GDP Per Capita 3 344.65 Afghanistan
48%
Freedom 2 8.88 New Zealand
48%
Most Pollution 2 80.1 Iraq
46%
Most Pollution 7 55.8 Kuwait
46%
Lowest GDP Per Capita 5 422.98 South Sudan
46%
Lowest GDP Per Capita 6 429.40 Central African Republic
45%
Most Pollution 9 46.5 Egypt
44%
Fruit Production 4 25M Turkey
44%
Lowest GDP Per Capita 1 312.87 Burundi
42%
Highest Population Density 6 1,677 Malta
38%
Fruit Production 10 16.7M Philippines
38%
Lowest GDP Per Capita 2 326.65 Yemen
38%
Most Pollution 6 63.0 Burkina Faso
30%
Lowest GDP Per Capita 10 590.45 North Korea
26%
Highest Population Density 5 1,726 Maldives
25%
Freedom 6 8.75 Estonia
23%
Highest Population Density 10 644 Nauru
23%
Lowest GDP Per Capita 8 558.30 Mozambique
21%
Lowest GDP Per Capita 4 404.54 Sierra Leone
20%
Highest Population Density 9 657 Barbados
13%
Lowest GDP Per Capita 7 505.04 Madagascar
13%
Most Pollution 10 46.0 Tajikistan
7%
No matching quizzes found
Score Distribution
Percent of People with Each Score
Percentile by Number Answered
Your Score History
You have not taken this quiz